[Event "Regency Masters 3rd"]
[Site "Ramsgate"]
[Date "1981.12.13"]
[Round "9.9"]
[White "Manouck, Thierry"]
[Black "Pytel, Krzysztof"]
[Result "0-1"]
[WhiteElo "2400"]
[BlackElo "2400"]
[PlyCount "80"]
[EventDate "1981.12.05"]
[EventType "swiss"]
[EventRounds "9"]
[EventCountry "ENG"]
[SourceVersionDate "2021.08.26"]

1. c4 g6 2. g3 Bg7 3. Bg2 d6 4. Nc3 c6 5. d3 f5 6. e4 Nf6 7. Nge2 O-O 8. O-O e5
9. h3 Na6 10. Kh2 fxe4 11. dxe4 Be6 12. b3 Nc5 13. Be3 a5 14. Rc1 Qe7 15. Qd2
Kh8 16. Rfd1 Rfd8 17. Qe1 Qf8 18. f4 Nfd7 19. Rb1 Bg8 20. Qd2 Nb6 21. Rf1 exf4
22. gxf4 Qe7 23. Bd4 a4 24. Qe3 axb3 25. axb3 Nbd7 26. Rfd1 Bxd4 27. Qxd4+ Nf6
28. Ng3 Ne6 29. Qe3 Ng7 30. Re1 Ngh5 31. Nxh5 Nxh5 32. Bf3 Nf6 33. Qd2 Qg7 34.
Ne2 Ne8 35. Qc3 Qxc3 36. Nxc3 Ra3 37. Rg1 Ng7 38. Kg3 Ne6 39. Ne2 Nc5 $11 40.
b4 $4 Nxe4+ 0-1

[Event "Regency Masters 3rd"]
[Site "Ramsgate"]
[Date "1981.12.13"]
[Round "9.10"]
[White "Da Cunha, Marcos Paolozzi"]
[Black "Plaskett, H James"]
[Result "0-1"]
[WhiteElo "2325"]
[BlackElo "2410"]
[PlyCount "66"]
[EventDate "1981.12.05"]
[EventType "swiss"]
[EventRounds "9"]
[EventCountry "ENG"]
[SourceVersionDate "2021.08.26"]

1. e4 c5 2. Nf3 d6 3. d4 cxd4 4. Nxd4 Nf6 5. Nc3 e6 6. Bc4 a6 7. Bb3 b5 8. O-O
Be7 9. f4 O-O 10. e5 dxe5 11. fxe5 Bc5 12. Be3 Bxd4 13. Bxd4 Nfd7 14. Ne4 (14.
Qh5 Nc6 15. Rad1 Nxd4 16. Rxd4 Qb6 17. Rff4 Qc5 18. Nd5 Kh8 19. c3 exd5 20.
Bxd5 Rb8 21. Bxf7 $13 {Levy,D-Garcia Martinez,S, Nice Olympiad 1974 (1-0, 36)})
14... Nc6 15. Be3 Ncxe5 16. Qh5 Bb7 17. Nc5 (17. Nd6) 17... Qc7 18. Bd4 Nxc5
19. Bxe5 Qe7 20. Rad1 Ne4 21. Bd4 f6 22. Rf4 Kh8 23. Re1 e5 24. Rfxe4 Bxe4 25.
Rxe4 Qb7 26. Qg6 exd4 $1 27. Rh4 h6 28. Be6 Qe7 $1 29. Re4 Qe8 $1 $19 30. Qg3
f5 31. Bxf5 Qf7 32. Re5 Rae8 33. Rc5 Qe7 0-1

[Event "Regency Masters 3rd"]
[Site "Ramsgate"]
[Date "1981.12.13"]
[Round "9.13"]
[White "Lee, Graham D"]
[Black "Law, Andrew P"]
[Result "1-0"]
[WhiteElo "2360"]
[BlackElo "2380"]
[PlyCount "65"]
[EventDate "1981.12.05"]
[EventType "swiss"]
[EventRounds "9"]
[EventCountry "ENG"]
[SourceVersionDate "2021.08.26"]

1. e4 c6 2. Nc3 d5 3. Nf3 dxe4 4. Nxe4 Nf6 5. Nxf6+ gxf6 6. d4 Bg4 7. Be2 Nd7
8. h3 Bh5 9. O-O Qc7 10. c4 O-O-O 11. Be3 Rg8 12. Qc2 Bg6 13. Qa4 Kb8 14. b4 e6
15. Rac1 Be4 16. c5 Be7 17. Rc3 Rg7 18. Kh1 Rdg8 19. Rg1 f5 20. Bd2 Bf6 21. b5
b6 22. bxc6 Qxc6 23. Qxc6 Bxc6 24. cxb6 Bb7 25. Bh6 Rg6 26. Bf4+ Ka8 27. bxa7
Bd8 28. Bb5 Nf6 29. Bc6 Nd5 30. Bxb7+ Kxb7 31. Rb3+ Kxa7 32. Rgb1 Bb6 33. Nh4
1-0

[Event "Regency Masters 3rd"]
[Site "Ramsgate"]
[Date "1981.12.13"]
[Round "9.14"]
[White "Van der Sterren, Paul"]
[Black "Friedgood, David"]
[Result "0-1"]
[WhiteElo "2420"]
[BlackElo "2315"]
[PlyCount "46"]
[EventDate "1981.12.05"]
[EventType "swiss"]
[EventRounds "9"]
[EventCountry "ENG"]
[SourceVersionDate "2021.08.26"]

1. e4 c5 2. Nf3 e6 3. d4 cxd4 4. Nxd4 a6 5. Bd3 Nf6 6. O-O d6 7. c4 Be7 8. Nc3
O-O 9. b3 b6 10. Bb2 Bb7 11. Qe2 Re8 12. f4 d5 $5 (12... Nbd7 13. Rae1 Nf8 14.
Qf2 Rc8 15. Bb1 N6d7 {Beliavsky,A (2590)-Ionescu,C (2310), Bucharest 1980 
(½-½, 67)}) 13. cxd5 exd5 14. e5 Bc5 15. Na4 Nbd7 16. Qd1 (16. Nxc5 Nxc5 17.
Bc2 $16) 16... Ne4 17. Bxe4 dxe4 18. Nxc5 Nxc5 19. Qg4 Bc8 20. e6 Qf6 21. f5
fxe6 22. Nxe6 $4 (22. Qh5 $11) (22. Nb5 $1 exf5 (22... Qxb2 $2 23. f6 $18) 23.
Bxf6 fxg4 24. Nc7 $16) 22... Qxb2 $19 23. f6 Ra7 $8 0-1

[Event "Regency Masters 3rd"]
[Site "Ramsgate"]
[Date "1981.12.13"]
[Round "9.15"]
[White "Jacobs, Byron A"]
[Black "Conquest, Stuart"]
[Result "1-0"]
[WhiteElo "2245"]
[BlackElo "2220"]
[PlyCount "83"]
[EventDate "1981.12.05"]
[EventType "swiss"]
[EventRounds "9"]
[EventCountry "ENG"]
[SourceVersionDate "2021.08.26"]

1. e4 g6 2. Nc3 Bg7 3. f4 d6 4. Nf3 Nf6 5. Be2 O-O 6. O-O c5 7. d3 Nc6 8. Qe1
Rb8 9. Qh4 Nd4 (9... b5 10. Nd1 (10. h3 b4 11. Nd1 Nd4 12. Nxd4 cxd4 13. Nf2
Ba6 {Ledger,A (2418)-Moore,G (2194), British Championship, Scarborough 2001 
(0-1, 55)}) 10... Nd4 11. Nxd4 cxd4 12. Nf2 Nd7 13. f5 e6 {Freeman,R (2012)
-Chapman,T (2200), British Senior Ch, Hull 2018 (½-½, 32)}) 10. Bd1 b5 11.
Nxd4 cxd4 12. Ne2 Qb6 13. Ng3 Bb7 14. f5 Rbc8 15. Bh6 Qc7 16. fxg6 fxg6 17.
Bxg7 Kxg7 18. Qg5 Kh8 $5 (18... Qc5 $11) 19. Qxb5 e5 20. Rf2 Bc6 21. Qc4 Qe7
22. Qb3 h5 23. Bf3 h4 24. Nf1 Rb8 (24... h3 $44) 25. Qa3 g5 $6 26. h3 g4 27.
hxg4 Rg8 28. Nh2 Rbf8 29. Raf1 Nh7 30. b3 Ng5 31. Qc1 Rf4 32. Be2 Ne6 $2 (32...
Rxf2 33. Rxf2 Bd7) 33. Rxf4 Nxf4 34. Rxf4 $1 $18 exf4 35. Qxf4 Rg6 36. Nf3 Bd7
37. Nxd4 Qg7 38. Nf5 Qf6 39. d4 Bxf5 40. exf5 Rg8 41. Bc4 Rg7 42. Be6 1-0

[Event "Regency Masters 3rd"]
[Site "Ramsgate"]
[Date "1981.12.13"]
[Round "9.16"]
[White "Leverett, Bruce W"]
[Black "De Boer, Gert Jan"]
[Result "1/2-1/2"]
[WhiteElo "2245"]
[BlackElo "2270"]
[PlyCount "117"]
[EventDate "1981.12.05"]
[EventType "swiss"]
[EventRounds "9"]
[EventCountry "ENG"]
[SourceVersionDate "2021.08.26"]

1. d4 Nf6 2. c4 e6 3. Nc3 Bb4 4. e3 O-O 5. Nge2 d5 6. a3 Be7 7. cxd5 exd5 8. g3
c6 9. Bg2 Re8 10. O-O Nbd7 11. Qc2 Nf8 12. f3 c5 13. Rd1 cxd4 14. Nxd4 Ne6 15.
Nde2 Qc7 16. Qb3 Qc4 17. Qa2 Bd7 18. b3 Qc6 19. b4 Nc7 20. Qb3 Rad8 21. Nd4 Qb6
22. Kh1 a6 23. Ra2 Qa7 24. Rc2 Bc8 25. Na4 Bd6 26. Nc5 Ne6 27. Ncxe6 Bxe6 28.
Bb2 Bd7 29. Bf1 Re7 30. Bd3 Rde8 31. Re1 Qb6 32. Rce2 Be5 33. Bb1 Bb5 34. Rd2
Bd7 35. Qd3 g6 36. Qb3 Bb5 37. f4 Bc4 38. Qd1 Bb8 39. Qf3 Ne4 40. Bxe4 Rxe4 41.
Qg4 Be5 42. Kg2 a5 43. Bc3 axb4 44. axb4 Bxd4 45. Rxd4 Rxd4 46. Bxd4 Qxb4 47.
Ra1 Bd3 48. Qd7 Be4+ 49. Kg1 Rf8 50. Qa4 Qd2 51. Qa2 Qd3 52. Rc1 h5 53. Kf2 b5
54. Ba1 Kh7 55. Qb2 f6 56. h4 Rf7 57. Qd4 Qa3 58. Rc6 Qe7 59. Rxf6 1/2-1/2

[Event "Regency Masters 3rd"]
[Site "Ramsgate"]
[Date "1981.12.13"]
[Round "9.17"]
[White "Hanreck, Alan E"]
[Black "Bohm, Hans"]
[Result "1/2-1/2"]
[WhiteElo "2275"]
[BlackElo "2390"]
[PlyCount "35"]
[EventDate "1981.12.05"]
[EventType "swiss"]
[EventRounds "9"]
[EventCountry "ENG"]
[SourceVersionDate "2021.08.26"]

1. c4 c6 2. Nf3 d5 3. b3 Bf5 4. g3 e6 5. Bg2 h6 6. Bb2 Nf6 7. O-O Nbd7 8. d3 a5
9. a3 Be7 10. Nbd2 O-O 11. Qc2 Bh7 12. Bc3 Qb8 13. b4 axb4 14. axb4 Rxa1 15.
Rxa1 e5 16. Qb3 e4 17. dxe4 dxe4 18. Nd4 1/2-1/2

[Event "Regency Masters 3rd"]
[Site "Ramsgate"]
[Date "1981.12.13"]
[Round "9.19"]
[White "Patrick, David I"]
[Black "Troeger, Paul"]
[Result "1-0"]
[WhiteElo "2275"]
[BlackElo "2325"]
[PlyCount "97"]
[EventDate "1981.12.05"]
[EventType "swiss"]
[EventRounds "9"]
[EventCountry "ENG"]
[SourceVersionDate "2021.08.26"]

1. e4 e6 2. d4 d5 3. Nc3 Nf6 4. Bg5 dxe4 5. Nxe4 Be7 6. Bxf6 Bxf6 7. Nf3 Bd7 8.
Qd3 Bc6 9. O-O-O Bxe4 10. Qxe4 Qd5 11. Bd3 Qxe4 12. Bxe4 c6 13. g4 Nd7 14. g5
Be7 15. Rhg1 O-O-O 16. h4 Bd6 17. Kb1 Rdf8 18. Rde1 Kc7 19. c4 Re8 20. h5 Bf8
$6 (20... e5 $11) 21. g6 hxg6 22. hxg6 $14 f6 23. Bf5 $16 Bb4 24. Rxe6 Rxe6 25.
Bxe6 Nf8 26. Bf7 Rh3 27. Rg3 Rh1+ 28. Kc2 Bd6 29. Rg2 Bf4 (29... Kd7) 30. Rg4
Bd6 31. c5 Be7 32. Nh4 f5 33. Nxf5 Bf6 34. Ng3 (34. Nd6 Rh2 35. Kd3 Rxf2 36.
Ke3 Rf1 37. Ke2 Rb1 38. Ne8+ Kd8 39. Nxf6 $18) 34... Rh2 35. Rf4 Nd7 36. Kd3 b6
37. b4 Bg5 38. Rf5 Bh6 39. Be6 $18 Nf6 40. Rf3 a5 41. cxb6+ Kxb6 42. bxa5+ Kxa5
43. Kc4 Kb6 44. a4 Rg2 45. a5+ Kxa5 46. Kc5 Ka4 47. Kxc6 Rg1 48. d5 Bd2 49.
Rxf6 1-0

[Event "Regency Masters 3rd"]
[Site "Ramsgate"]
[Date "1981.12.13"]
[Round "9.20"]
[White "Flear, Glenn C"]
[Black "Schiller, Eric Andrew"]
[Result "1/2-1/2"]
[WhiteElo "2385"]
[BlackElo "2235"]
[PlyCount "42"]
[EventDate "1981.12.05"]
[EventType "swiss"]
[EventRounds "9"]
[EventCountry "ENG"]
[SourceVersionDate "2021.08.26"]

1. d4 d5 2. c4 e6 3. Nf3 c5 4. cxd5 exd5 5. g3 Nc6 6. Bg2 Nf6 7. O-O Be7 8.
dxc5 Bxc5 9. Bg5 d4 10. Nbd2 Bf5 $6 (10... h6 11. Bxf6 Qxf6 12. Ne4 Qe7 13.
Nxc5 Qxc5 14. Rc1 Qb6 $11) 11. Rc1 Bb6 12. Nh4 Bd7 13. Ne4 O-O 14. Nxf6+ $2 (
14. Bxf6 $1 gxf6 15. Qd2 Ne5 (15... f5 16. Nc5 $18) 16. Qh6 Ng6 17. Nd6 $1 $18)
14... gxf6 15. Bh6 Re8 16. Qd2 Qe7 17. Bf3 Rac8 18. a3 Bh3 19. Rfe1 Ne5 20. Bg2
Bxg2 21. Kxg2 Rxc1 1/2-1/2

[Event "Regency Masters 3rd"]
[Site "Ramsgate"]
[Date "1981.12.13"]
[Round "9.22"]
[White "Povah, Nigel Edward"]
[Black "Formanek, Edward W"]
[Result "1-0"]
[WhiteElo "2375"]
[BlackElo "2370"]
[PlyCount "77"]
[EventDate "1981.12.05"]
[EventType "swiss"]
[EventRounds "9"]
[EventCountry "ENG"]
[SourceVersionDate "2021.08.26"]

1. d4 d5 2. c4 dxc4 3. e3 e5 4. Bxc4 exd4 5. exd4 Nf6 6. Nc3 Bd6 7. Nf3 O-O 8.
O-O Nc6 9. h3 Bf5 10. Bg5 h6 11. Bh4 g5 12. Bg3 (12. Nxg5 $5 hxg5 13. Bxg5 Re8
14. Qd2 Nxd4 15. Rad1 c5 16. b4 b6 17. bxc5 bxc5 18. Rfe1 Rxe1+ 19. Qxe1 Be6 $2
(19... Be7 $1) 20. Bxe6 fxe6 21. Rxd4 Bh2+ 22. Kxh2 Qxd4 23. Qxe6+ Kg7 24. Ne2
{1-0, Artemiev,V (2671)-Motylev,A (2658), Russian Ch, Chita 2015}) 12... Ne4
13. Nxe4 Bxe4 14. Ne5 Bxe5 15. dxe5 $14 Nd4 16. Qh5 b5 (16... Kg7 17. e6 Qf6
18. Rae1 $16) 17. Rfe1 Bf5 18. Bb3 Kg7 (18... Nxb3 19. axb3 Kh7 20. Ra6 Be6 21.
Rd1 Qc8 22. Rc6 $16) 19. Rad1 c5 20. h4 (20. e6 $5 $16) 20... Qe7 21. Bd5 Bg6
22. Qg4 Rad8 23. Bf3 Bf5 (23... Bc2 $5 $13) 24. Qh5 g4 25. Be4 Ne2+ $4 (25...
Bxe4 $1 26. Qxg4+ Bg6 27. h5 Qe6 $15) 26. Kh2 Nxg3 27. fxg3 Bxe4 (27... Bg6 28.
Bxg6 fxg6 29. Qxg4 $16) 28. Rxe4 $1 $18 Rxd1 29. Qxg4+ Kh8 30. Qxd1 Rd8 31. Qh5
Qe6 32. Rf4 Qg6 33. Qf3 Rd3 34. Qf2 Kg8 35. Rf6 Qg7 36. e6 fxe6 37. Rxe6 Qf7
38. Qe2 Rd7 39. Rxh6 1-0

[Event "Regency Masters 3rd"]
[Site "Ramsgate"]
[Date "1981.12.13"]
[Round "9.25"]
[White "Van Parreren, Hanneke"]
[Black "Fischdick, Gisela"]
[Result "1/2-1/2"]
[WhiteElo "2040"]
[BlackElo "2220"]
[PlyCount "20"]
[EventDate "1981.12.05"]
[EventType "swiss"]
[EventRounds "9"]
[EventCountry "ENG"]
[SourceVersionDate "2021.08.26"]

1. e4 c5 2. Nf3 Nc6 3. Bb5 g6 4. O-O Bg7 5. c3 Nf6 6. Re1 O-O 7. h3 Rb8 8. e5
Nd5 9. d4 cxd4 10. cxd4 Nc7 1/2-1/2